00919nam a2200253 a 450000100100000000500170001000800410002702000150006804000250008308200160010810000340012424500680015826000380022630000350026449000130029950000560031250000450036853400630041370000290047683000200050504900090052595201140053499900170064800001080020200929162308.0091012s2002 es ac 001 0 spa d a8466605894 aDO-SdBNPbspacBNPHU axxxxbT176m1 aTaraborrelli, J. Randy92609410aMadonna /cJ. Randy Taraborrelli ; traducción de Jordi Vidal. aBarcelona, :bEdiciones B,c2002. a467 p. :bil., retr. ;c24 cm.1 aMemorama aEl retrato difinitivo de un icono de nuestro tiempo aIncluye nota del autor el la (p. 9 - 11) pTitulo original en ingléstMadonna an intimate biograpby1 aVidal, Jordietr.926095 0aMemorama926096 aBNPD 001050718MOaGRbGRcCTd2009-10-12iLF1l0oxxxx T176mp10800-10r2020-06-25w2020-06-25y1ZNo se presta c10549d10549